000 00586nam a22001937a 4500
005 20240408154631.0
010 _aENG-140073
020 _c750.00
_a9788180387975
035 _aEN-123605
037 _bDBAD
082 _a345.01
_218
100 _aRow's Sanjiva
_964406
245 _aThe Advocates act ,1961/
_cby Sanjiva Row's
260 _aGurgaon
_bLexis Nexis
_c2012
270 _a14th floor, Building No.10,Tower -b ,DLF Cyber City, Phase-2, Gurgaon
_bHaryana
_e122002
300 _a551p.
_c25cm(hb)
700 _964384
942 _2ddc
_cEN
_mROW
_h345.01
_e18
999 _c201979
_d201979